000 01370cam a2200301 a 4500
001 11925218
005 20060807211333.0
008 000229s2001 enka |r 001 0 eng
010 _a00027912
020 _a0419205004
040 _aDLC
_cDLC
_dDLC
043 _ae-uk---
050 0 0 _aKD1641
_b.T74 2001
082 0 0 _a692.8
_222
_bTRI
100 1 _aTrickey, Geoffrey.
_912551
245 1 4 _aThe Presentation and Settlement of Contractors' Claims /
_cGeoffrey Trickey and Mark Hackett.
250 _a2nd ed.
260 _aLondon ;
_aNew York :
_bSpon Press, 2001
_cc2001.
300 _axix, 485 p. :
_bill. ;
_c25 cm.
500 _aIncludes index.
650 0 _aConstruction contracts
_zGreat Britain.
_912552
700 1 _aHackett, Mark,
_d1962-
_912553
856 4 2 _3Publisher description
_uhttp://www.loc.gov/catdir/enhancements/fy0651/00027912-d.html
942 _2ddc
_cBB
999 _c13649
_d13649